000 00757cab a2200265 4500
001 WB3428-43
008 090401t1998 xxu||||| |||| 00| 0 eng d
035 _a(Sirsi) u87548
041 _aeng
245 _aTransport white paper
260 _c1998
350 _a0
490 _aRICS Press Release
_v(pr86.corp) 22 July 1998 (2)
520 _aRICS response to the Government`s white paper on transport considers the implementation of the reforms.
650 _aIMPLEMENTATION
650 _aNEW DEAL FOR TRANSPORT
650 _aPLANNING POLICY GUIDANCE NOTE 13
650 _aPUBLIC TRANSPORT
650 _aREFORM
650 _aRICS
650 _aWHITE PAPER
690 _aTRANSPORT AND COMMUNICATIONS
942 _n0
948 _c22/07/1998
999 _c55234
_d55234